[Event "Asia-ch"]
[Site "Kolkata"]
[Date "2001.08.11"]
[Round "3"]
[White "Yurtaev, Leonid"]
[Black "Prasad, Devaki V"]
[Result "1-0"]
[WhiteElo "2543"]
[BlackElo "2440"]
[Annotator "Ribli,Z"]
[PlyCount "49"]
[EventDate "2001.08.09"]
[EventType "swiss"]
[EventRounds "11"]
[EventCountry "IND"]
[SourceTitle "CBM 085"]
[Source "ChessBase"]
[SourceDate "2001.11.13"]
[SourceVersion "1"]
[SourceVersionDate "2001.11.13"]
[SourceQuality "1"]

1. e4 c5 2. Nf3 Nc6 3. d4 cxd4 4. Nxd4 e6 5. Nc3 Qc7 6. g3 {Gewöhnlich führen
die Varianten mit g2-g3 zu ruhigem Spiel. Hier hat der Zug g2-g3 auch eine
andere Idee - den Zug Bf4 vorzubereiten, aber das funktioniert nur, wenn
Schwarz Weiß den Zug Ndb5 machen lässt.} Nf6 $6 {Das ist ein bekannter
theoretischer Fehler, wonach Schwarz sich in einer sehr schweren Stellung
befindet. Ich bemerke, dass (40 Jahre früher!) Tal diesen schlechten
Springerzug gegen Fischer (Fischer,R - Tal,M Bled 1961) spielte. In unserer
Partie ist der Zug 6...Nf6?! wahrscheinlich ein "Fingerfehler", denn es fällt
schwer sich vorzustellen, dass ein routinierter Spieler, wie Prasad die
Theorie im 6.Zug nicht kennt.} (6... a6) (6... d6) 7. Ndb5 $1 (7. Bf4) 7... Qb8
(7... Qa5 8. Bf4 (8. Bd2 Qd8 9. Bf4 e5 10. Bg5 $16) 8... e5 9. Bd2 Qb6 10. Bg5
Bc5 11. Qf3 Nd4 12. Nxd4 Bxd4 13. O-O-O O-O 14. Bxf6 Bxc3 15. Qxc3 Qxf6 16. f4
d6 17. f5 g6 18. fxg6 hxg6 19. Bc4 {1-0 Marques,V-Esplana,C/Buenos Aires 1997/
EXT 2001 (40)}) 8. Bf4 Ne5 $6 {Wieder nicht die beste Fortsetzung - bessere
Rettungschancen bietet Schwarz die Fortsetzung 8...e5, aber auch in diesem
Fall hat Weiß Vorteil.} (8... e5 9. Bg5 a6 10. Bxf6 (10. Na3 d6 $6 (10... Bxa3
$5 11. bxa3 Ne7) 11. Bxf6 gxf6 12. Nd5 Be7 13. Nc4 b5 14. Nce3 Be6 15. Bg2 {
1-0 Schneider,V-Mareck,S/Montabaur 1994/EXT 2001 (23)}) 10... gxf6 11. Na3 Bxa3
12. bxa3 Ne7 13. Bg2 (13. Qf3 Qc7 14. Bg2 d6 15. O-O Rg8 16. Nd1 Rg6 17. Ne3 {
1-0 Ivanov,A-Ivanov,I/USA-ch 1989/CBM 19 (47)}) 13... Qc7 14. Qd2 d6 15. O-O
Be6 16. Nd1 Rc8 (16... h5 17. h4 Nc6 18. Ne3 Rc8 19. c3 Na5 20. Rfd1 Nc4 21.
Nxc4 Qxc4 22. Qxd6 Qxc3 23. Rab1 $14 {0-1 Horvath,T-Bardossi,J/Zalakaros 1994/
TD (60)}) 17. Ne3 O-O 18. Rad1 Rfd8 19. f4 Qc3 20. Qf2 Qxa3 21. Kh1 Qc5 22. Qf3
exf4 23. gxf4 f5 24. Qg3+ Kh8 25. Qh4 Ng8 {1/2-1/2 Klundt,K-Teske,H/Linz 1995/
EXT 97 (25)}) 9. Be2 {Weiß bereitet 10.Qd4 vor und verteidigt sich gegen Nf3+.}
(9. Bxe5 Qxe5 10. f4 Qc5 11. e5 Qc6 12. exf6 Qxh1 13. Qd4 Qxh2 14. Ne4 gxf6 15.
Qxf6 d5 16. O-O-O Rb8 17. Qxh8 dxe4 18. Rd8+ Kxd8 19. Qxf8+ Kd7 20. Qd6+ Ke8
21. Nc7# {1-0 Berkvens,J-Oosterom,E/Utrecht 1999/EXT 2000 (21)}) 9... a6 (9...
Bc5 10. Bxe5 $1 Qxe5 11. f4 Qb8 12. e5 a6 13. exf6 axb5 14. fxg7 Rg8 15. Ne4
Be7 16. Qd4 Ra4 17. Nf6+ Bxf6 18. Qxf6 Qc7 19. O-O-O Rxa2 20. Kb1 Ra6 21. Bxb5
Rb6 22. Bd3 e5 23. fxe5 $1 Rxf6 24. exf6 {1-0 Fischer,R-Tal,M/Bled 1961/MCL/
[Bulletin] (47)}) (9... d6 10. Qd4 Nc6 11. Nxd6+ (11. Qxd6 Bxd6 12. Bxd6 $18)
11... Kd7 12. Bb5 Bxd6 13. O-O-O $18 (13. e5 $18)) (9... Bb4 10. Qd4 Nc6 11.
Bxb8 Nxd4 12. Nc7+ Ke7 13. Nxa8 Nxc2+ 14. Kd2 (14. Kd1 Nxa1 15. e5 Bxc3 16.
Bd6+ Kd8 17. bxc3 Ne4 18. Rf1 Nxc3+ 19. Kd2 Nxe2 20. Kxe2 Nc2 21. Kd3 $18)
14... Nxa1 15. Rxa1 Nxe4+ 16. Kc2 Nxc3 17. bxc3 Bc5 $16) 10. Qd4 {[%mdl 64]} d6
(10... axb5 11. Bxe5 Qa7 12. Nxb5 Qxd4 13. Bxd4 $18) 11. O-O-O (11. Rd1 axb5
12. Bxe5 $18) 11... axb5 12. Bxe5 Be7 $6 (12... b4 {Gut, oder schlecht, das
ist die einzige Möglichkeit für Schwarz,Gegenspiel zu erlangen.} 13. Nb5 (13.
Bxf6 bxc3 14. Bxg7 Rxa2 15. Qxc3 $16) 13... Rxa2 14. Kb1 Ra6 (14... b3 15. cxb3
Ra6 16. Nxd6+ $18) 15. Nxd6+ $18 (15. Bxf6 gxf6 16. Qxf6 Rg8 17. Nd4 $18 {
[%cal Re2a6,Rb5e8]})) 13. Bxb5+ {[%mdl 1024] Weiß hat einen Bauern mehr, und
der Pd6 hängt auch.} Bd7 14. Bxd7+ Nxd7 15. Bxd6 (15. Bxg7 $18) 15... Bxd6 16.
Qxd6 Qxd6 17. Rxd6 $18 {Mit zwei Bauern mehr steht Weiß klar auf Gewinn.} Ke7
18. Rhd1 {Es wäre höchste Zeit für Schwarz, die Partie aufzugeben. Ich glaube,
er möchte mit den folgenden Zügen nur die Anzahl der Züge erhöhen.} Nc5 (18...
Rhd8 19. f4 $18) 19. b4 Na4 20. Nb5 (20. Nxa4 Rxa4 21. Rd7+ Kf6 22. Rxb7 Rxa2
23. Rdd7 $18) 20... Rhd8 21. Rxd8 (21. c4 Rxd6 22. Rxd6 Nc3 $5 23. Rb6 Nxa2+
24. Kb2 Nxb4 25. Rxb7+ Kf6 26. f4 $18) 21... Rxd8 22. Rxd8 Kxd8 23. c4 Kd7 (
23... Nb6 24. c5 $18) 24. Kc2 Nb6 25. Kd3 1-0

[Event "NED-ch58"]
[Site "Leeuwarden"]
[Date "2003.07.03"]
[Round "7"]
[White "Nijboer, Friso"]
[Black "Van der Wiel, John"]
[Result "0-1"]
[WhiteElo "2562"]
[BlackElo "2508"]
[Annotator "Ribli,Z"]
[PlyCount "71"]
[EventDate "2003.06.26"]
[EventType "tourn"]
[EventRounds "9"]
[EventCountry "NED"]
[EventCategory "11"]
[SourceTitle "CBM 096"]
[Source "ChessBase"]
[SourceDate "2003.09.25"]
[SourceVersion "1"]
[SourceVersionDate "2003.09.25"]
[SourceQuality "1"]

1. e4 c5 2. Nf3 e6 3. Nc3 Nc6 4. d4 cxd4 5. Nxd4 Qc7 6. Be2 a6 7. O-O Nf6 8.
Kh1 {Dieser prophylaktische Königszug ist in der Großmeisterpraxis sehr
populär. Weiß wartet mit der Entwicklung des Bc1 ab und bereitet 9.f4 vor.
Interessanter Weise spielt GM Van der Wiel spielt diese Variante auch mit Weiß.
} Nxd4 {Wenn Schwarz die Scheweninger Variante umgehen möchte, ist das die
beste Wahl.} 9. Qxd4 Bc5 10. Qd3 b5 {Das ist die Hauptfortsetzung, aber die
Alternative 10...h5 11.f4 Ng4 ist auch spielbar.} 11. f4 Bb7 12. Bf3 O-O (12...
h5 {Dieser Zug ist ebenso beliebt wie die Partiefortsetzung ung gibt Schwarz
gute Gegenchancen.}) 13. e5 Ne8 14. Bxb7 Qxb7 15. f5 (15. a4 b4 16. Ne4 Be7 17.
Be3 Qc6 $13) 15... f6 {Dieser Verteidigungszug ist typisch für die
Taimanov-Paulsen Variante. Schwarz nutzt die Tatsache aus, dass der Pd7 noch
in der Grundstellung steht und möchte das Material des Angreifers reduzieren.}
16. Bf4 (16. exf6 Nxf6 17. Bg5 Qc6 18. Bxf6 Rxf6 19. fxe6 Rxf1+ 20. Rxf1 dxe6
$11) (16. Be3 Be7 $11) 16... Be7 $5 {Mit diesem genügsam scheinenden Zug räumt
Schwarz die c-Linie und stärkt zugleich die Verteidigung seiner Königsstellung.
} (16... exf5 17. a4 $14) (16... Qc6) 17. Bg3 (17. Rae1 b4 (17... fxe5 18. Bxe5
Rc8 19. fxe6 Rxf1+ 20. Rxf1 dxe6 21. Ne2 (21. Ne4 $5 Qd5 22. Qf3 $36) 21... Nf6
22. Nf4 Qc6 23. c3 Rd8 24. Qe2 Qe4 25. Qxe4 Nxe4 26. Nxe6 Rd2 27. Nxg7 Bc5 28.
Ne6 Nf2+ 29. Kg1 Nh3+ 30. Kh1 Nf2+ 31. Kg1 {1/2-1/2 Ivanchuk,V-Hjartarson,J/
New York 1995/CBM 47 ext/[Vaisser] (31)}) 18. Nd1 exf5 19. Qxf5 fxe5 20. Qxe5
Bd6 21. Qd4 Bxf4 22. Rxf4 Rxf4 23. Qxf4 Nf6 24. Ne3 Re8 25. Rd1 Qe4 26. Qxe4
Rxe4 27. Nf1 Re2 {0-1 Lin Yi-Liang Jinrong/Suzhou 2001/EXT 2002 (66)}) 17...
Rc8 (17... fxe5 18. fxe6 Rxf1+ 19. Rxf1 dxe6 20. Bxe5 Nf6 $11 {Der Pe6 ist nur
eine scheinbare Schwäche in der schwarzen Stellung.}) 18. a3 (18. Rad1 fxe5 (
18... b4 19. Ne4 fxe5 20. fxe6 Rxf1+ 21. Qxf1 (21. Rxf1 d5 $13 (21... dxe6 $11)
) 21... dxe6 22. Qf3 $11) 19. fxe6 Rxf1+ 20. Rxf1 dxe6 21. Bxe5 b4 (21... Nf6
$11) 22. Ne4 Qd5 $11) 18... fxe5 19. fxe6 Rxf1+ 20. Rxf1 dxe6 21. Bxe5 $11 {
[%csl Re6][%cal Gb7h1] Nach Vereinfachungen haben wir eine typische Stellung
mit gleichen Chancen erreicht - der Pe6 (die einzige kleine Schwäche in der
schwarzen Stellung) ist leicht zu verteidigen. Schwarz kontrolliert spürbar
die weißen Felder.} Rc5 (21... Nf6 $11) 22. Bd4 (22. Qe3 Qc6 $11) 22... Rg5 23.
Ne4 Rd5 (23... Rf5 $2 24. Rxf5 exf5 25. Qb3+ Kh8 (25... Kf8 26. Nc5 $18) 26.
Qf7 $18) 24. Nc3 Rg5 25. Rf2 $6 {Es wäre hier angebracht gewesen, sich auf
Zugwiederholung einzulassen und sich mit Remis zufrieden zu geben.} (25. Ne4
$11) 25... Nd6 {[%cal Gd6c4,Gd6f5] Der schwarze Springer kommt ins Spiel und
findet entweder auf f5 oder auf c4 einen Stützpunkt.} 26. Qe2 Qd7 (26... Rg6
$11) 27. Rf1 Rf5 28. Rd1 (28. Rxf5 exf5 $11 (28... Nxf5 $11)) 28... Qc8 29. b3
{Dieser Zug richtet sich gegen 29...Qc4, aber er schwächt zugleich den weißen
Damenflügel.} h6 30. b4 $2 {[%mdl 16384] Dieser Zug ist nach 29.b3 kaum
konsequent zu nennen und schwächt das Feld c4.} (30. Kg1 $11) 30... Qc4 $15 {
[%csl Yc4] Die schwarze Dame steht sehr aktiv auf c4.} 31. g4 (31. Qxc4 Nxc4
$17 {[%csl Gc4]}) 31... Rf7 32. Bc5 (32. h3 $15) 32... Qxc3 33. Bxd6 Qc6+ $17 {
Weiß hat viele Bauern- und Felderschwächen in seiner Stellung zu beklagen.} 34.
Qg2 Qd7 35. Qd2 $4 {[%mdl 8192]} (35. Qg3 Rf6 {Die schwarze Drohung ist 35...
e5 mit Figurengewinn.} (35... h5 $5 $17) 36. Rd2 (36. Qe5 $2 Qc6+ 37. Kg1 Qf3
$19) 36... Qc6+ 37. Kg1 Bxd6 38. Rxd6 (38. Qxd6 Qf3 $19) 38... Qxc2 $17) 35...
Bxd6 $19 36. Qxd6 (36. Qxd6 Rf1+ $1 $19) 0-1

[Event "Veterans-Women"]
[Site "Copenhagen"]
[Date "1997.??.??"]
[Round "2"]
[White "Arakhamia Grant, Ketevan"]
[Black "Taimanov, Mark E"]
[Result "1-0"]
[WhiteElo "2430"]
[BlackElo "2425"]
[Annotator "Ribli,Z"]
[PlyCount "55"]
[EventDate "1997.07.23"]
[EventType "schev"]
[EventRounds "10"]
[EventCountry "DEN"]
[SourceTitle "CBM 061"]
[Source "ChessBase"]
[SourceDate "1997.11.23"]
[SourceVersion "1"]
[SourceVersionDate "1997.11.23"]
[SourceQuality "1"]

1. e4 c5 2. Nf3 e6 3. d4 cxd4 4. Nxd4 Nc6 {GM Taimanov wählt - natürlich - die
sogenannte Taimanov-Paulsen Variante!Ribli.} 5. Nc3 Qc7 6. f4 a6 (6... Nxd4 {
Dieser relativ selten gespielte Zug bietet Schwarz vielleicht die besten
Möglichkeiten.} 7. Qxd4 {Die weisse Dame steht exponiert in einigen Varianten
auf d4.Ribli.} a6 8. Bd3 (8. Be3) 8... b5 9. Bd2 (9. a3) 9... Bb7 10. a4 b4 11.
Ne2 (11. Na2 Nf6 12. Qe3 (12. Bxb4 Bxb4+ 13. Qxb4 a5 14. Qd4 Qxf4 $15) (12.
Nxb4 Bc5 13. Qc3 a5 14. Na2 Bxe4 $15 {Schwarz bekommt einen wichtigen
Zentrumsbauern für seinen b-Bauern.})) 11... Qc5 $11) 7. Nxc6 Qxc6 8. Bd3 b5 9.
Be3 $5 {Ein ungewöhnlicher Zug. In dieser Partie war Weiß zwar erfolgreich,
der traditionelle Plan mit 9.Qe2 und 10.Bd2 scheint mir jedoch stärker.} (9.
O-O Bb7 10. Qe2 Nf6 11. a3 Bc5+ 12. Kh1 Bd4 13. e5 Bxc3 14. bxc3 Ne4 {Reeh,
O-Horvath,G/Budapest Compack 1988/EXT 88/0-1 (38)}) (9. a3 Bb7 10. Qe2 Be7 11.
Bd2 Rc8 12. O-O h5 13. f5 Nf6 14. Kh1 h4 15. Rae1 e5 16. Bg5 Nh5 17. Bxe7 Ng3+
{0-1 Richtrova,E-Botsari Miladinovic,A/EU-chTW 1997/EXP 57}) (9. Qf3 Bb7 10.
O-O Bc5+ 11. Be3 b4 12. Ne2 f5 {0-1 Hoiberg,N-Kogan,A/Copenhagen PC 1996 (39)})
(9. Qe2 $5 Bb7 10. Bd2 {Meines Erachtens ist dies die beste Fortsetzung für
Weiß.} (10. O-O Nf6 11. a3 Bc5+ 12. Be3 O-O 13. Bxc5 Qxc5+ 14. Qf2 Qxf2+ 15.
Rxf2 d6 16. Re1 e5 17. fxe5 dxe5 18. a4 $1 bxa4 19. Nxa4 Bc6 {1/2-1/2 Gross,
S-Horvath,J/Honved 1997}) 10... Bc5 11. O-O-O Ne7 (11... b4 $6 12. Nd5 Qd6 $2
13. Ne3 Qxf4 14. Nc4 Qh4 15. Be3 $1 Be7 16. g3 Qh3 17. Na5 Bc6 18. Nxc6 dxc6
19. Bxa6 $18 {+- Smirin,I-Horvath,C/Wien (open) 1996}) 12. Qh5 g6 13. Qh4 O-O-O
14. Qf6 Rhf8 15. Rhe1 Qc7 16. Be3 d5 17. Bxc5 Qxc5 18. e5 Kb8 19. g4 {1-0
Sandor,C-Hoffmann,M/BL9596 1996 (37)}) 9... Bb7 {Eine für diese Variante
typische Spielweise - Schwarz entwickelt zuerst seinen Damenflügel.} 10. Qe2
Nf6 (10... d6 $2 11. Nxb5 $16) 11. Bd4 $146 (11. e5 b4 12. Nd1 (12. exf6 $6
bxc3 13. Bd4 cxb2 14. Bxb2 gxf6 $15) 12... Ne4 13. O-O Bc5 14. Bxc5 Qxc5+ 15.
Kh1 f5 16. exf6 Nxf6 17. Ne3 O-O 18. Rae1 a5 19. Nc4 g6 20. Ne5 Bd5 {0-1
Safranska,A-Sziva,E/Moscow ol 1994 (43)}) 11... Bc5 $6 (11... Be7 $5 12. e5 Nd5
$11) (11... b4 12. Bxf6 gxf6 13. Nd5 $36) 12. Bxc5 Qxc5 13. e5 $16 {Weiß
spielt alles atempo. Nach einem Springerzug von Schwarz folgt 14.Ne4 mit
positionellem Vorteil.} Qb4 $4 {Das war die "Pointe" von Schwarz. Aber der
Altmeister hat den 15.Zug von Weiß übersehen.} (13... Nd5 14. Ne4 Qb4+ 15. c3
$18) 14. exf6 Qxb2 15. Kd2 {So einfach. Weiß hat schlichtweg eine Figur mehr.}
Rc8 (15... gxf6 16. Rab1 (16. a3 Rc8 $8) 16... Qa3 17. Rb3 Qd6 18. Rf1 $16) 16.
Qe5 gxf6 17. Qxf6 Rg8 18. Rhg1 Qb4 (18... Rxg2+ 19. Rxg2 Bxg2 20. Rg1 $18) 19.
Rae1 Kf8 20. g3 {Weiß hat keine Eile. Sein Materialvorteil entscheidet früher
oder später.} d5 21. a3 (21. Rb1 Qa5 22. Bxh7 $2 d4) 21... Qxa3 22. f5 $18 {
Schwarz hat ein paar Bauern für die Figur, aber das ist ohne Bedeutung. Der
weiße Angriff ist stark.} exf5 23. Rgf1 Rc6 (23... Rg6 24. Qe5 Qb4 25. Rf4 $18)
24. Qe5 d4 25. Qxd4 Rd6 26. Qe5 {[%csl Ra3,Rf8]} Bc8 27. Ra1 Qb4 28. Rf4 {
[%csl Rb4] Schwarz gab in hoffnungsloser Stellung auf.Ribli.} (28. Rf4 Re6 29.
Qc7 $18 {[%csl Rb4,Rc8]}) 1-0

[Event "Abu Dhabi op 13th"]
[Site "Abu Dhabi"]
[Date "2003.08.24"]
[Round "8"]
[White "Yemelin, Vasily"]
[Black "Poluljahov, Aleksandr"]
[Result "1-0"]
[WhiteElo "2550"]
[BlackElo "2530"]
[Annotator "Ribli,Z"]
[PlyCount "108"]
[EventDate "2003.08.16"]
[EventType "swiss"]
[EventRounds "9"]
[EventCountry "UAE"]
[SourceTitle "CBM 097"]
[Source "ChessBase"]
[SourceDate "2003.11.11"]
[SourceVersion "1"]
[SourceVersionDate "2003.11.11"]
[SourceQuality "1"]

1. e4 c5 2. Nf3 e6 3. d4 cxd4 4. Nxd4 Nc6 5. Nc3 Qc7 6. Be2 a6 7. O-O Nf6 8.
Kh1 Nxd4 {Dieser Springertausch ist sehr populär in der letzten Zeit, aber
Schwarz hat auch andere Möglichkeiten - 8...d6 mit Übergang zur Scheweninger
Variante, 8...b5, 8...Bb4.} 9. Qxd4 Bc5 10. Qd2 {Eine seltene Fortsetzung -
man spielt gewöhnlich 10.Qd3.} O-O 11. Qg5 {Das ist die Idee des Zugs 10.Qd2 -
die weiße Dame steht aktiv am Königsflügel.} Bd4 (11... h6 12. Qh4 b5 13. Bxh6
$1 Bd4 14. Bf4 Qc5 15. Bd3 $18 {1-0 Stojanovic,A-Mladenovic,J/Kotor 2002/EXT
2003 (28)}) 12. Bd3 (12. Bf4 e5 (12... d6 13. Qg3 Be5 $13) 13. Bd2 d6 14. Qh4
Be6 15. Bh6 Ne8 16. Bd2 Nf6 17. Bd3 Nd7 {1/2-1/2 Vukovic,Z-Matulovic,M/
Bucharest 2000/CBM 79 ext (23)}) 12... Qe5 13. Qh4 (13. Qxe5 Bxe5 14. Bd2 d6
$11) 13... Qh5 14. Qxh5 (14. Qg3 d5 (14... b5 $5) 15. exd5 exd5 16. Ne2 Be5 17.
Bf4 Re8 18. Bxe5 Qxe5 19. Qxe5 Rxe5 20. Nd4 Bd7 21. Rfe1 {1-0 Vukovic,
Z-Zafirovski,M/Niksic 1997/CBM 59 ext (66)}) 14... Nxh5 15. Ne2 Bc5 $5 16. e5
f5 {Dieser Zug ist praktisch erzwungen, um der weißen Drohung 17.g4 mit
Figurengewinn zu begegnen.} 17. h3 g6 18. Bg5 (18. Bh6 Rf7 19. g4 Ng7 20. f4 b5
21. Ng3 Bb7+ 22. Kh2 d6 {1/2-1/2 Ivanovic,B-Markus,R/Subotica 2003/CBM 95/
[Ribli] (34)}) 18... b5 19. c4 b4 20. Kh2 Bb7 21. Rad1 Rf7 (21... d5 22. exd6
Bxd6+ 23. f4 Rac8 24. Bxf5 exf5 25. Rxd6 Rxc4 26. Nd4 $14) (21... Bc6 22. Bc2
$14 {[%cal Ge2d4]}) 22. f4 Rc8 23. b3 Ng7 {[%cal Gg7e8] Der Springer zielt auf
das e8-Feld, wonach Schwarz das Zentrum mit d7-d6 oder mit d7-d5 sprengen kann.
} 24. Ng1 {[%cal Gd3e2,Ge2f3,Gf3b7][%mdl 32] Mit diesem Springerzug bereitet
Weiß das Läufermanöver Be2-Bf3 vor, wonach Weiß die weißfarbigen Läufer
tauschen kann.} Ne8 25. Be2 a5 $6 {Dieser Zug ist zu langsam. Es wäre besser
die Zentrumstellung sprengen.} (25... d5 $5 26. exd6 (26. cxd5 exd5 (26... Bxd5
27. Bxa6 Ra8 28. Bb5 Rfa7 29. Rxd5 exd5 30. Bc6 Nc7 31. Bxa8 Rxa8 32. Ra1 Ne6 {
[%csl Ge6]}) 27. Nf3 Nc7 $11 {[%cal Gc7e6]}) 26... Nxd6 $11 {[%cal Gd6e4]}) 26.
Bf3 $14 d6 27. Rfe1 dxe5 $2 (27... Kg7 $142 28. exd6 Nxd6 29. Rxe6 Ne4 $44) 28.
Rxe5 Ng7 (28... Bxg1+ 29. Kxg1 Bxf3 30. gxf3 $16) 29. Re2 $6 {Statt dieser
Fortsetzung konnte Weiß die Partie sofort entscheiden.} (29. Rxc5 $1 Rxc5 30.
Rd8+ Rf8 31. Bxb7 $18) 29... Bxg1+ 30. Kxg1 Bxf3 31. gxf3 {[%csl Gg5,Rg7][%cal
Gg5d8] Weiß hat einen Doppelbauern auf der f-Linie, aber das hat keine große
Bedeutung. Der schwarze Springer steht passiv auf g7, während der Bg5 die
wichtigen dunklen Felder kontrolliert.} Ra7 32. Bf6 $1 {[%cal Gf6e5]} Nh5 33.
Be5 {[%csl Ge5] Der Be5 steht ausgezeichnet und kontrolliert das ganze Brett.}
a4 34. Kf2 axb3 35. axb3 h6 36. h4 (36. Rd6 $16 {[%cal Rd6e6,Rd6b6,Rb6b4]})
36... Kf7 37. Red2 {[%csl Gd1,Gd2,Ge5][%cal Gd1d7][%mdl 2048]} Nf6 38. Rd6 Ra2+
(38... Rb7 39. Rd8 (39. Rxe6 Kxe6 40. Rd6+ Ke7 41. Rxf6 Ra7 $132) 39... Rxd8
40. Rxd8 $16) 39. Ke3 Rh2 (39... Ra3 40. R1d3 $16) 40. Rb6 $16 {[%csl Gb6,Gd1,
Ge5] Weiß hat aktives Figurenspiel und ich sehe kein Gegenspiel für Schwarz.}
Re8 41. Rxb4 Rxh4 42. Rb7+ Re7 43. Rxe7+ Kxe7 44. b4 {[%csl Gb4,Gc4,Rh4]} g5
45. b5 gxf4+ 46. Kd4 (46. Bxf4 $5 e5 47. Bxe5 Rxc4 48. b6 $18) 46... Nd7 47. c5
{[%csl Gb5,Gc5] Weiß hat zwei starke verbundene Bauern, die die Partie
entscheiden müssen.} Rh2 48. c6 Nb6 49. Kc5 Nd5 50. Rxd5 $1 $18 {Nach diesem
Qualitätsopfer gewinnt Weiß leicht.} (50. b6 Rc2+ 51. Kb5 $18) 50... Rc2+ 51.
Kd4 Rd2+ 52. Kc4 exd5+ (52... Rxd5 53. Bxf4 $18) 53. Kc3 Ra2 54. b6 Ra6 (54...
Ra6 55. c7 Kd7 56. b7 $18) 1-0

[Event "Tan Chin Nam Cup 2nd"]
[Site "Beijing"]
[Date "1996.??.??"]
[Round "5"]
[White "Peng, Xiaomin"]
[Black "Zhang, Zhong"]
[Result "0-1"]
[WhiteElo "2490"]
[BlackElo "2425"]
[Annotator "Ribli,Z"]
[PlyCount "78"]
[EventDate "1996.08.??"]
[EventType "tourn"]
[EventRounds "9"]
[EventCountry "CHN"]
[EventCategory "10"]
[SourceTitle "CBM 055"]
[Source "ChessBase"]
[SourceDate "1996.12.01"]
[SourceVersion "1"]
[SourceVersionDate "1996.12.01"]
[SourceQuality "1"]

1. e4 c5 2. Nf3 e6 3. Nc3 Nc6 4. d4 cxd4 5. Nxd4 Qc7 6. Be2 a6 7. O-O Nf6 8.
Kh1 {Ribli. Ich empfehle jetzt 8...d6 mit Uebergang in die Scheweninger
Variante.} Bb4 9. Qd3 (9. Bg5) 9... Qd6 (9... O-O 10. Bg5 Bxc3 11. bxc3 Ne5 $5
(11... Qe5 12. f4 $1 Qxe4 13. Qg3 Qg6 14. Bd3 Ne4 15. Bxe4 Qxe4 16. f5 Qe5 17.
Bf4 Qf6 18. Nxc6 $18 {1-0 Ivanovic,B-Miladinovic,I/JUG-chT/Tivat/EXP48/}) 12.
Qe3 Neg4 13. Qh3 Nxf2+ 14. Rxf2 Nxe4 15. Qe3 Nxf2+ 16. Qxf2 d5 17. Rf1 e5 18.
Nf5 Bxf5 19. Qxf5 Qd6 $13 {Khalifman,A-Van der Werf,M/Vienna op/1966/EXP53/}) (
9... Ne5 10. Qg3 $36) 10. Nxc6 (10. Be3 Ne5 11. Bf4 Nxd3 12. Bxd6 Bxc3 13. bxc3
Nxe4 $17) (10. Rd1 Nxd4 11. Qxd4 Qxd4 12. Rxd4 Bc5 13. Rd3 d6 (13... Bxf2 14.
e5 Ng8 15. Ne4 $44)) (10. a3 Nxd4 (10... Qxd4 11. axb4 Qxd3 12. cxd3 Nxb4 13.
Bf4 $44) 11. axb4) 10... Qxd3 11. Bxd3 (11. cxd3 dxc6 $10 (11... bxc6 12. Na4
a5 13. Nb6 Rb8 14. Nc4 Ba6 15. Bf4 Ra8 16. Rac1 O-O 17. g4 d5 18. exd5 cxd5 19.
Nb6 Ra7 20. a3 Be7 21. Rc2 $13 {Ivanovic,B-Salov,V/JUG-chT/1996/EXP53/})) 11...
dxc6 12. e5 (12. Na4 Nd7 13. Be3 e5 $10 {Ivanovic,B-Rajkovic,D/Vrsac/1987/
CBM05/}) 12... Nd7 (12... Nd5 13. Ne4 {Ribli. Es folgt 14.c4 mit klarem
weissen Vorteil.}) 13. f4 b5 14. Ne4 (14. Bd2 Bb7 $6 (14... Ke7 15. Nd5+ exd5
16. Bxb4+ c5 17. Ba5) 15. Nxb5 Bxd2 16. Nd6+ Ke7 17. Nxb7 Rhb8 18. Nd6) 14...
Be7 15. a4 Bb7 16. c4 $6 (16. Be3 $14) 16... bxc4 17. Bxc4 c5 $10 18. Nc3 (18.
Nd6+ Bxd6 19. exd6 Nb6 20. b3 $15) 18... Nb6 19. Be2 O-O (19... Rd8 20. Be3 Nd5
) 20. Be3 Nd5 21. Bg1 $2 {Ribli.Das ist sicher nicht der beste Platz fuer den
Laeufer.} Rfb8 $5 $15 (21... Nxc3 22. bxc3 Rfd8 $10) 22. Rad1 Bc6 23. Bf3 (23.
Nxd5 exd5 24. Bxc5 Bxc5 (24... Rxb2 25. Bxe7 Rxe2 $10) 25. Rc1 Bxa4 (25... Rxb2
26. Rxc5 Rxe2 27. Rxc6) 26. Rxc5 Rxb2 27. Bxa6) 23... Rxb2 24. Nxd5 Bxd5 25.
Bxd5 exd5 26. Rxd5 Rc8 {Ribli.Schwarz hat die besseren Aussichten, dank seines
c-Freibauern.} 27. f5 c4 28. Rd7 Bf8 (28... Ba3) 29. Bd4 Rd2 30. e6 fxe6 31.
fxe6 Re2 $17 32. Bc3 Rxe6 33. a5 Re3 34. Rc1 h5 35. h3 Kh7 36. Rd4 Ba3 $19 37.
Rc2 Rd3 38. Re4 Rf8 39. Be5 Re8 {Ribli.Und Weiss gab auf.Nach 40.Rcc4 Rd1 41.
Kh2 Re5 42.Re5 gewinnt Bd6.} 0-1